Popular beaches of the world - Statistics

General Stats
  • This quiz has been taken 26 times
  • The average score is 2 of 16
Answer Stats
Picture Answer % Correct
Bondi
54%
Copacabana
54%
Santa Monica
38%
Cannon
12%
Whitehaven
8%
Pfeiffer
4%
South
4%
Tulum
4%
Driftwood
0%
Etretat
0%
Hanauma
0%
Matira
0%
Navagio
0%
Racepoint
0%
Radhanagar
0%
Reynisfjara
0%
No matching quizzes found
Score Distribution
Percent of People with Each Score
Percentile by Number Answered
Your Score History
You have not taken this quiz